|
|
|
|
| LEADER |
02186nam a2200553 i 4500 |
| 001 |
nkc20243592368 |
| 003 |
CZ PrNK |
| 005 |
20240808070837.0 |
| 007 |
ta |
| 008 |
240304s2024 xr e f 000 0 cze |
| 015 |
|
|
|a cnb003592368
|
| 020 |
|
|
|a 978-80-908155-8-2
|q (brožováno) :
|c neprodejné
|
| 035 |
|
|
|a (OCoLC)1451769417
|
| 040 |
|
|
|a OLA001
|b cze
|d ABA001
|e rda
|
| 072 |
|
7 |
|a 27-5
|x Liturgie. Křesťanské umění a symbolika. Duchovní život
|2 Konspekt
|9 5
|
| 080 |
|
|
|a 27-546.2-055.42
|2 MRF
|
| 080 |
|
|
|a 27-534.35
|2 MRF
|
| 080 |
|
|
|a 27-53/-54
|2 MRF
|
| 080 |
|
|
|a 27-282
|2 MRF
|
| 080 |
|
|
|a 273.2-7
|2 MRF
|
| 080 |
|
|
|a (035)
|2 MRF
|
| 245 |
0 |
0 |
|a Obřady žehnání partnerství :
|b rituál /
|c z pověření biskupa v intencích usnesení 51. synody zpracovala liturgická komise Starokatolické církve v ČR pod vedením Petra Jana Vinše
|
| 246 |
1 |
|
|i Název v tiráži:
|a Starokatolický rituál - obřady žehnání partnerství
|
| 250 |
|
|
|a Vydání první
|
| 264 |
|
1 |
|a Praha :
|b Starokatolická církev v ČR,
|c 2024
|
| 300 |
|
|
|a 46 stran ;
|c 22 cm
|
| 336 |
|
|
|a text
|b txt
|2 rdacontent
|
| 337 |
|
|
|a bez média
|b n
|2 rdamedia
|
| 338 |
|
|
|a svazek
|b nc
|2 rdacarrier
|
| 650 |
0 |
7 |
|a žehnání stejnopohlavním párům
|7 ph1226802
|2 czenas
|
| 650 |
0 |
7 |
|a požehnání (modlitby)
|7 ph116943
|2 czenas
|
| 650 |
0 |
7 |
|a liturgické obřady
|7 ph122417
|2 czenas
|
| 650 |
0 |
7 |
|a liturgické texty
|7 ph115163
|2 czenas
|
| 650 |
0 |
7 |
|a starokatolické církve
|7 ph332190
|2 czenas
|
| 650 |
0 |
9 |
|a blessing same-sex marriage
|2 eczenas
|
| 650 |
0 |
9 |
|a benedictions (prayers)
|2 eczenas
|
| 650 |
0 |
9 |
|a liturgical ceremonies
|2 eczenas
|
| 650 |
0 |
9 |
|a liturgical texts
|2 eczenas
|
| 650 |
0 |
9 |
|a Old Catholic Churches
|2 eczenas
|
| 653 |
0 |
|
|a žehnání partnerským párům
|
| 655 |
|
7 |
|a příručky
|7 fd133209
|2 czenas
|
| 655 |
|
9 |
|a handbooks and manuals
|2 eczenas
|
| 700 |
1 |
|
|a Vinš, Petr Jan,
|d 1982-
|7 xx0093974
|4 edt
|
| 710 |
2 |
|
|a Starokatolíci.
|b Liturgická komise
|7 olak20241220396
|4 edt
|4 isb
|
| 910 |
2 |
|
|a BOA001
|b 2-1522.456
|
| 990 |
|
|
|a BK
|
| 995 |
|
|
|a 01
|
| 991 |
|
|
|b 202403
|c NOV
|
| 996 |
6 |
|
|b 2610965040
|c 2-1522.456
|l MZK
|r Sklad / do 1 hodiny
|n 0
|p p.v.
|w 001958162
|u 000010
|a 1
|e BOA001
|j MZK50
|s P
|